Parki w Poznaniu - Statystyki

Ogólne statystyki
  • Ten quiz został rozwiązany 127 razy
  • Średni wynik to 7 z 39
Statystyki odpowiedzi
Dzielnica Nazwa parku % Poprawnych
Winogrady Park Cytadela
86%
Sołacz Park Sołacki
68%
Św. Łazarz Park Wilsona
65%
Stare Miasto Park im. Adama Mickiewicza
43%
Stare Miasto Park im. Fryderyka Chopina
39%
Wilda Park im. Jana Pawła II (Łęgi Dębińskie)
38%
Św. Łazarz Park im. Jana Kasprowicza
26%
Sołacz Park im. Adama Wodziczki
24%
Stare Miasto Park im. Karola Marcinkowskiego
24%
Rataje, Żegrze Park Rataje
22%
Stare Miasto Park im. Jana Henryka Dąbrowskiego
21%
Chartowo Park pomiędzy osiedlami Czecha i Rusa
19%
Górczyn Park Górczyński
18%
Chwaliszewo Park Stare Koryto Warty
18%
Komandoria Park Tysiąclecia
18%
Grunwald Park im. Gustawa Manitiusa
15%
Stare Miasto Park im. Stanisława Moniuszki
15%
Stare Miasto Park im. Henryka Wieniawskiego
14%
Winogrady Park im. Jurija Gagarina
14%
Winogrady Park Szelągowski
14%
Wilda Park im. Izabeli i Jarogniewa Drwęskich
13%
Winogrady Park im. Władysława Czarneckiego
11%
Rataje Park Nad Wartą
8%
Rataje Park im. Karola Kurpińskiego
6%
Grunwald Park im. ks. Józefa Jasińskiego
6%
Stare Miasto Park im. Tadeusza Mazowieckiego
6%
Główna Park Nadolnik (Park im. ks. Tadeusza Kirschke)
6%
Piątkowo Park na osiedlu Bolesława Chrobrego
6%
Rataje Park na osiedlu Oświecenia
4%
Podolany Parku Edukacji Przyrodniczej im. prof. Leszka Bergera
4%
Stare Miasto Ogród Zamkowy im. Ofiar Katynia i Sybiru
3%
Grunwald Park im. Jana Heweliusza
3%
Stare Miasto Park im. Romana Maciejewskiego
3%
Piątkowo Park na osiedlu Jana III Sobieskiego
3%
Winogrady Park Kosynierów
1%
Junikowo Park ks. Feliksa Michalskiego
1%
Strzeszyn Park Edukacji Ekologicznej Strzeszyn
0%
Głuszyna Park im. Pawła Edmunda Strzeleckiego
0%
Antoninek Park przy ulicy Browarnej
0%
Nie znaleziono quizów pasujących do podanych kryteriów
Rozkład punktacji
Procent ludzi z każdym wynikiem
Percentyl według liczby udzielonych odpowiedzi
Twoja historia wyników
Nie rozwiązałeś tego quizu